Cỗ xe tam mã Nga Tiểu luận, bút ký về giao lưu văn hóa Việt - Nga
Salvato in:
| Autore principale: | |
|---|---|
| Natura: | Libro |
| Lingua: | Undetermined |
| Pubblicazione: |
H.
Văn học
1994
|
| Soggetti: | |
| Accesso online: | http://lrc.tdmu.edu.vn/opac/search/detail.asp?aID=2&ID=6803 |
| Tags: |
Aggiungi Tag
Nessun Tag, puoi essere il primo ad aggiungerne! !
|
| Thư viện lưu trữ: | Trung tâm Học liệu Trường Đại học Thủ Dầu Một |
|---|
| LEADER | 00673nam a2200205Ia 4500 | ||
|---|---|---|---|
| 001 | TDMU_6803 | ||
| 008 | 210410s9999 xx 000 0 und d | ||
| 082 | |a 891.7 | ||
| 090 | |b TH523 | ||
| 100 | |a Thúy Toàn | ||
| 245 | 0 | |a Cỗ xe tam mã Nga | |
| 245 | 0 | |b Tiểu luận, bút ký về giao lưu văn hóa Việt - Nga | |
| 245 | 0 | |c Thúy Toàn | |
| 260 | |a H. | ||
| 260 | |b Văn học | ||
| 260 | |c 1994 | ||
| 300 | |a 882tr | ||
| 650 | |a Văn học Nga; Các nhà văn Nga; Văn hóa Việt Nga | ||
| 856 | |u http://lrc.tdmu.edu.vn/opac/search/detail.asp?aID=2&ID=6803 | ||
| 980 | |a Trung tâm Học liệu Trường Đại học Thủ Dầu Một | ||